| 000 | 00931am a2200337a 44500 | ||
|---|---|---|---|
| 003 | AR-BaBNM | ||
| 005 | 20251128205901.0 | ||
| 008 | 038019s1996 #AR|||||||||||000 | spa|| | ||
| 020 | _a84-8019-290-9 | ||
| 040 | _cAR-BaBNM | ||
| 100 | 1 | _aZaporozhanova, L.P. | |
| 245 | 1 | 0 |
_aJuegos activos _beducación primaria y educación secundaria obligatoria |
| 250 | _a1ª ed. | ||
| 260 |
_aBarcelona _bPaidotribo _c1996 |
||
| 300 |
_a227 p. _bil. |
||
| 490 | 0 | _aPedagogías corporales | |
| 504 | _aBibliografía p. 227 | ||
| 650 | 4 | _aMETODOS DE ENSEÑANZA | |
| 650 | 4 | _aJUEGOS EDUCATIVOS | |
| 650 | 4 | _aDEPORTE | |
| 650 | 4 | _aNATACION | |
| 650 | 4 | _aATLETISMO | |
| 650 | 4 | _aJUEGOS DE PELOTA | |
| 650 | 4 | _aACTIVIDADES DE APRENDIZAJE | |
| 653 | _aPROCESO DE ENSEÑANZA-APRENDIZAJE | ||
| 653 | _aEDUCACION PRIMARIA | ||
| 653 | _aEDUCACION SECUNDARIA | ||
| 700 | 1 | _aLatyshkevich, L.A. | |
| 942 | _cBK | ||
| 998 | _cCarmen | ||
| 999 |
_c13147 _d13147 |
||